ՀՀ Գիտությունների ազգային ակադեմիայի հիմնարար գիտական գրադարան  =   Fundamental Scientific Library of NAS RA

Птицы СССР / (Record no. 395686)

MARC details
000 -LEADER
fixed length control field 01165nam a2200265 a 4500
001 - CONTROL NUMBER
control field 000160419
003 - CONTROL NUMBER IDENTIFIER
control field AM-YeHGA
005 - DATE AND TIME OF LATEST TRANSACTION
control field 20250617153647.0
008 - FIXED-LENGTH DATA ELEMENTS--GENERAL INFORMATION
fixed length control field 990413s1951 ||||||||||||||||||||rus d
040 ## - CATALOGING SOURCE
Original cataloging agency AM-YeHGA
041 0# - LANGUAGE CODE
Language code of text/sound track or separate title rus
090 ## - LOCALLY ASSIGNED LC-TYPE CALL NUMBER (OCLC); LOCAL CALL NUMBER (RLIN)
-- 397736
245 00 - TITLE STATEMENT
Title Птицы СССР /
Statement of responsibility, etc. А.И. Иванов, Е.В. Козлова, Л.А. Портенко, А.Я. Тугаринов ; Ред. Е.Н. Павловский.
260 ## - PUBLICATION, DISTRIBUTION, ETC.
Place of publication, distribution, etc. Ленинград ;
-- Москва :
Name of publisher, distributor, etc. Изд-во АН СССР,
Date of publication, distribution, etc. 1951.
300 ## - PHYSICAL DESCRIPTION
Extent ч.
440 #0 - SERIES STATEMENT/ADDED ENTRY--TITLE
Title Определители по фауне СССР, издаваемые Зоологическим институтом АН СССР
Volume/sequential designation Вып. 39, 49, 54, 69
505 10 - FORMATTED CONTENTS NOTE
Miscellaneous information Ч. 1 (1951, 280 с.)
-- Ч. 2 (1953, 344 с.)
-- Ч. 3 (1954, 254 с.) /
Statement of responsibility Л.А. Портенко
Miscellaneous information Ч. 4 (1960, 416 с.) /
-- Л.А. Портенко
650 14 - SUBJECT ADDED ENTRY--TOPICAL TERM
Topical term or geographic name entry element Зоогеография. Фауна
653 0# - INDEX TERM--UNCONTROLLED
Uncontrolled term Птицы
700 1# - ADDED ENTRY--PERSONAL NAME
Personal name Иванов, А.И.
700 1# - ADDED ENTRY--PERSONAL NAME
Personal name Козлова, Е.В.
700 1# - ADDED ENTRY--PERSONAL NAME
Personal name Портенко, Л.А.
700 1# - ADDED ENTRY--PERSONAL NAME
Personal name Тугаринов, А.Я.
700 1# - ADDED ENTRY--PERSONAL NAME
Personal name Павловский, Е.Н.
Relator term ред.
Relationship edt
Holdings
Withdrawn status Lost status Source of classification or shelving scheme Damaged status Not for loan Collection Home library Current library Date acquired Serial enumeration / chronology Total checkouts Full call number Barcode Date last seen Price effective from Koha item type Public note
    Universal Decimal Classification     General Fundamental Scientific Library Fundamental Scientific Library 11/12/2017 Ч. 4   PIII/3408 FL0468309 11/12/2017 11/12/2017 Գրքեր / Books 30 Days Loan
    Universal Decimal Classification     General Fundamental Scientific Library Fundamental Scientific Library 13/12/2017 T. 4   PIII/3468 FL0468824 13/12/2017 13/12/2017 Գրքեր / Books 30 Days Loan
    Universal Decimal Classification     General Fundamental Scientific Library Fundamental Scientific Library 08/06/2018 Ч. 2   РД III/6697 FL0501426 08/06/2018 08/06/2018 Գրքեր / Books 30 Days Loan
    Universal Decimal Classification     General Fundamental Scientific Library Fundamental Scientific Library 08/06/2018 Ч. 3   РД III/6682 FL0501480 08/06/2018 08/06/2018 Գրքեր / Books 30 Days Loan
    Universal Decimal Classification     General Fundamental Scientific Library Fundamental Scientific Library 12/06/2018 Ч. 1   РД III/7293 FL0501307 12/06/2018 12/06/2018 Գրքեր / Books 30 Days Loan
    Universal Decimal Classification     General Fundamental Scientific Library Fundamental Scientific Library 12/06/2018 Ч. 1   РД III/7294 FL0501308 12/06/2018 12/06/2018 Գրքեր / Books 30 Days Loan


ՀՀ ԳԱԱ հիմնարար գիտական գրադարան
ՀՀ,Երևան 0019
Մարշալ Բաղրամյան 24/6
հեռախոս:(374-10) 52-47-50
Հետադարձ կապ

All site content, except where otherwise noted, is licensed under a
Creative Commons License